000 01892nam a2200265 4500
001 0000000609
005 20250329165413.0
008 170718s2016 000 0 eng d
040 _aCO-CtgCURN
_bspa
_ccoctgcurn
082 0 _aAPH 2016
_bB661
100 1 _aPinzon Mondol, Reynaldo Antonio.
245 1 0 _aCumplimiento de los protocolos de trabajo seguro en alturas por los trabajadores que se desempeñan en la empresa mexichem de cartagena en el año 2016 /
_cReynaldo Antonio Pinzon Mondol; Wendy Carolina Barcasnegra Madera; Yefrin Andres Morales Orozco; Yahara Guzman Payares; Investigador: Ricardo S. Zabaleta Torres.
260 _aCartagena de Indias :
_bCorporacion Universitaria Rafael Nuñez,
_c2016.
504 _aTrabajo de grado (Tecnologo en Atencion Prehospitalaria). Corporacion Universitaria Rafael Nuñez. Facultad de Ciencias de la Salud. Tecnologia en Atencion Prehospitalaria, 2016.
520 _aSe entiende por trabajo seguro en alturas, aquellas actividades que son realizadas a una altura superior a 1.50 metros o mas sobre un nivel inferior. La realizacion de estas con las condiciones de seguridad apropiadas incluye la utilizacion de equipos para la seguridad de los empleados y a su vez una formacion teorico-practica especifica de los trabajadores.
650 0 _aAtención prehospitalaria
_xTesis y disertaciones academicas.
700 1 _aPinzon Mondol, Reynaldo Antonio.
700 1 _aBarcasnegra Madera, Wendy Carolina.
700 1 _aMorales Orozco, Yefrin Andres.
700 1 _aGuzman Payares, Yahara.
700 1 _aZabaleta Torres, Ricardo S,
_cInvestigador.
856 _uhttps://unicurn.sharepoint.com/:b:/s/biblioteca/Efh99YIqeBVGgZ3s-wpYa3oB_SP_vDuwP56nC4E2vw8-Ug?e=3Sa3IK
_zClick aqui para ver el recurso en texto completo
942 _hAPH 2016
_iB661
_2ddc
_cTG
999 _c2847
_d2847